Wiedza ogólna - geografia #2 - Statystyki

Ogólne statystyki
  • Ten quiz został rozwiązany 55 razy
    33 od ostatniego zresetowania
  • Średni wynik to 3 z 5
Statystyki odpowiedzi
Opis Odpowiedź % Poprawnych
Teren zależny od Danii Grenlandia|Wyspy Owcze
92%
Ostatni zatwierdzony ocean na świecie Indyjski
81%
najdłuższy nazywany jest równikiem równoleżnik
65%
Las stanowiący ponad 50% lasów deszczowych na świecie Amazonia
54%
Stan Kanady, w którym znajduje się jej stolica Ontario
38%
Nie znaleziono quizów pasujących do podanych kryteriów
Rozkład punktacji
Procent ludzi z każdym wynikiem
Percentyl według liczby udzielonych odpowiedzi
Twoja historia wyników
Nie rozwiązałeś tego quizu od ostatniego zresetowania